000
00316nam a2200133Ia 4500
005
20260328104328.0
008
260328s9999||||xx |||||||||||||| ||und||
100
_a
Villalobos, Federico
245
0
_a
La Odisea de Homero /
_c
Federico Villalobos
260
_b
SM
300
_a
32 p.
650
_a
GRECIA
942
_c
BK
999
_c
11596
_d
11596